000 01033nam a2200253Ia 4500
003 Ost
005 20260507075141.0
008 260507s9999||||xx |||||||||||||| ||und||
020 _a14492499579
040 _cfsecg
041 _aara
082 _a330
100 _aعليمان، خالد عليان
_eمؤلف
245 0 _aإدارة التخليص الجمركي /
_c خالد عليان عليمان
260 _aعمان:
_bدار صفاء,
_c2009
300 _a160 صفحة؛
_bإيضاحات ؛
_c24 سم
504 _aالمراجع ص.159
520 _aالتخليص الجمركي- البيان الجمركي- معاينة البضاعة- التخمين والإعتمادات المستندية- المناطق الحرة- التعرفة والرسوم الجمركية
653 _aالإعتمادات المستندية
653 _aالتعرفة الجمركية
653 _aالرسوم الجمركية
700 _aعلي أحمد، المشاقبة
_eمؤلف ثانوي
942 _cكتاب
999 _c43302
_d43302